El acoso en la escuela: los agresores, las víctimas y los espectadores

Shranjeno v:
Bibliografske podrobnosti
Main Authors: Harris, Sandra L (Author), Petrie, Garth F (Author)
Format: Knjiga
Jezik:španščina
Izdano: Barcelona Paidós 2006
Serija:Paidós Educador, 184
Teme:
Oznake: Označite
Brez oznak, prvi označite!

MARC

LEADER 00000nam a2200000 a 4500
001 UCI9695
003 CL-VaPUC
008 081128e20060000SP |||||||||||||||||spa|d
020 |a 844931867X 
082 0 4 |a 371.782  |b HAR  |2 21 
100 |a Harris, Sandra L  |e author  |9 459112 
700 0 |a Petrie, Garth F  |e author  |9 533583 
245 1 3 |a El acoso en la escuela: los agresores, las víctimas y los espectadores 
300 |a 163 p 
942 |c BK 
945 |d 20081128 00:00:00  |a jtorresc 
260 |a Barcelona  |b Paidós  |c 2006 
650 0 |a Violencia escolar  |9 453211 
650 0 |a Acoso escolar  |9 531527 
650 0 |a Agresividad  |9 257862 
650 0 |a Psicología educacional   |9 307830 
583 |a last modification  |c 20130101 10:21:24  |k Rodrigo Vera 
490 0 |a Paidós Educador, 184 
999 |c 332178  |d 332176 
952 |0 0  |1 0  |4 0  |6 371_782000000000000_HAR_2006  |7 0  |8 A  |9 419610  |a BIBEDU  |b BIBEDU  |d 2019-11-22  |i 4501705  |o 371.782 HAR 2006  |p 4501705  |r 2019-11-22  |w 2019-11-22  |y BK  |k EBA